Gaming Quiz

Random Gaming or Clickable Quiz

Overwatch: Heroes without 'O' Quiz Stats

 Plays Quiz not verified by Sporcle

Score 0/19 Timer 01:30
0 Plays Today
% Correct
Tracer
96.3%
Reinhardt
96.1%
Brigitte
96.1%
Junkrat
95.9%
Pharah
95.2%
Sigma
94.9%
D.Va
94.5%
Genji
94.4%
Ana
94.4%
Mei
92.1%
% Correct
Zarya
91.4%
Reaper
91.2%
Mercy
91%
Ashe
90%
McCree
88%
Wrecking Ball
86.4%
Zenyatta
86.1%
Baptiste
85.4%
Symmetra
79.9%

You're not logged in!

Compare scores with friends on all Sporcle quizzes.
OR
Log In

Sporcle TV

Today on Sporcle TV


Watch our educational content, quiz creation guides, and fun videos on Sporcle TV.

Show Comments

Extras

Top Quizzes Today


Score Distribution

Your Account Isn't Verified!

In order to create a playlist on Sporcle, you need to verify the email address you used during registration. Go to your Sporcle Settings to finish the process.

Report this User

Report this user for behavior that violates our Community Guidelines.

Details: